01672nam a2200145 a 4500008004100000020001400041100002100055245009400076250001100170260002800181300001100209500012200220505117300342655001101515190917s2005 ag |||g |||| 001 0 spa d a9871154501 aFinzi, Alejandro aPatagonia, corral de estrellas.bCiclo de obras de teatro patagónico /cAlejandro Finzi a1a ed. aNeuquen:bEDUCO;c2005. a320 p. aFinzi, A. (2005). Patagonia, corral de estrellas. Ciclo de obras de teatro patagónico. (1a ed.). Neuquén : EDUCO. aAlejando Finzi, nació en Buenos Aires en 1951 y desde 1984 vive en Neuquén. Autor teatral, veintisiete de sus obras han llegado a escena en el país, países latinoamericanos y europeos. Sus textos han sido publicados en Argentina y Francia. Traducidos a diferentes idiomas, han recibido distinciones regionales, nacionales e internacionales. Entre su producción más difundida se encuentran las ocho obras que reúne este volumen. Ellas integran un ciclo que podría, por su atmósfera y temática, denominarse "patagónico", ya que proponen a la escena una serie de personajes que habitaron el sur, haciendo de él un territorio de sueños y aventuras. Finzi es docente de la Facultad de Humanidades de la Universidad Nacional del Comahue. El prólogo de esta antología pertenece a la docente e investigadora María Amelia Bustos Fernández de Chiocconi. Integran la presente edición de EDUCO las siguientes obras: "Camino de Cornisa", "Benigar", "Martín Bresler", "Chaneton", "La isla del fin del siglo", "El secreto de la Isla Huemul", "Bairoletto y Germinal" y "Patagonia, corral de estrellas o el último vuelo de Saint-Exupéry".  aTeatro